<?xml version="1.0" encoding="UTF-8"?>
<record
    xmlns:xsi="http://www.w3.org/2001/XMLSchema-instance"
    xsi:schemaLocation="http://www.loc.gov/MARC21/slim http://www.loc.gov/standards/marcxml/schema/MARC21slim.xsd"
    xmlns="http://www.loc.gov/MARC21/slim">

  <leader>03183cam a2200397 i 4500</leader>
  <datafield tag="952" ind1=" " ind2=" ">
    <subfield code="0">0</subfield>
    <subfield code="1">0</subfield>
    <subfield code="2">ddc</subfield>
    <subfield code="4">0</subfield>
    <subfield code="7">0</subfield>
    <subfield code="8">TOURISM</subfield>
    <subfield code="a">MES</subfield>
    <subfield code="b">MES</subfield>
    <subfield code="c">TOURISM </subfield>
    <subfield code="d">2022-10-11</subfield>
    <subfield code="e">54</subfield>
    <subfield code="g">3938.40</subfield>
    <subfield code="l">0</subfield>
    <subfield code="o">647.940683 BOL/H</subfield>
    <subfield code="p">41658</subfield>
    <subfield code="r">2022-10-11 00:00:00</subfield>
    <subfield code="v">4923.00</subfield>
    <subfield code="w">2022-10-11</subfield>
    <subfield code="y">BK</subfield>
    <subfield code="z">U2R3</subfield>
  </datafield>
  <datafield tag="999" ind1=" " ind2=" ">
    <subfield code="c">41612</subfield>
    <subfield code="d">41612</subfield>
  </datafield>
  <controlfield tag="001">20898351</controlfield>
  <controlfield tag="003">OSt</controlfield>
  <controlfield tag="005">20221010154409.0</controlfield>
  <controlfield tag="006">m    |o  d |      </controlfield>
  <controlfield tag="007">cr_|||||||||||</controlfield>
  <controlfield tag="008">190321s2020    enk     ob    001 0 eng  </controlfield>
  <datafield tag="010" ind1=" " ind2=" ">
    <subfield code="a">  2019013703</subfield>
  </datafield>
  <datafield tag="020" ind1=" " ind2=" ">
    <subfield code="a">9781138338876</subfield>
    <subfield code="q">(hardback : alk. paper)</subfield>
  </datafield>
  <datafield tag="020" ind1=" " ind2=" ">
    <subfield code="a">9780429441400</subfield>
    <subfield code="q">(ebook)</subfield>
  </datafield>
  <datafield tag="040" ind1=" " ind2=" ">
    <subfield code="a">DLC</subfield>
    <subfield code="b">eng</subfield>
    <subfield code="e">rda</subfield>
    <subfield code="c">DLC</subfield>
    <subfield code="d">DLC</subfield>
  </datafield>
  <datafield tag="042" ind1=" " ind2=" ">
    <subfield code="a">pcc</subfield>
  </datafield>
  <datafield tag="050" ind1="1" ind2="0">
    <subfield code="a">TX911.3.P4</subfield>
  </datafield>
  <datafield tag="082" ind1="0" ind2="0">
    <subfield code="a">647.940683</subfield>
    <subfield code="2">23</subfield>
    <subfield code="b">BOL/H</subfield>
  </datafield>
  <datafield tag="100" ind1="1" ind2=" ">
    <subfield code="a">Boella, M. J.</subfield>
    <subfield code="q">(Michael John)</subfield>
    <subfield code="e">author.</subfield>
    <subfield code="9">9176</subfield>
  </datafield>
  <datafield tag="240" ind1="1" ind2="0">
    <subfield code="a">Human resources management in the hospitality industry</subfield>
  </datafield>
  <datafield tag="245" ind1="1" ind2="0">
    <subfield code="a">Human resource management in the hospitality industry :</subfield>
    <subfield code="b">a guide to best practice /</subfield>
    <subfield code="c">Steven Goss-Turner and Michael J. Boella.</subfield>
  </datafield>
  <datafield tag="250" ind1=" " ind2=" ">
    <subfield code="a">Tenth edition.</subfield>
  </datafield>
  <datafield tag="264" ind1=" " ind2="1">
    <subfield code="a">Milton Park, Abingdon, Oxon ;</subfield>
    <subfield code="a">New York, NY :</subfield>
    <subfield code="b">Routledge, Taylor and Francis Group,</subfield>
    <subfield code="c">2019.</subfield>
  </datafield>
  <datafield tag="300" ind1=" " ind2=" ">
    <subfield code="a">550 pages</subfield>
  </datafield>
  <datafield tag="336" ind1=" " ind2=" ">
    <subfield code="a">text</subfield>
    <subfield code="b">txt</subfield>
    <subfield code="2">rdacontent</subfield>
  </datafield>
  <datafield tag="337" ind1=" " ind2=" ">
    <subfield code="a">computer</subfield>
    <subfield code="b">n</subfield>
    <subfield code="2">rdamedia</subfield>
  </datafield>
  <datafield tag="338" ind1=" " ind2=" ">
    <subfield code="a">online resource</subfield>
    <subfield code="b">nc</subfield>
    <subfield code="2">rdacarrier</subfield>
  </datafield>
  <datafield tag="500" ind1=" " ind2=" ">
    <subfield code="a">New edition of: Human resources management in the hospitality industry / Michael J. Boella, Steven Goss-Turner. 8th ed. 2005, from an earlier work by Vincent H. Eade.</subfield>
  </datafield>
  <datafield tag="504" ind1=" " ind2=" ">
    <subfield code="a">Includes bibliographical references and index.</subfield>
  </datafield>
  <datafield tag="520" ind1=" " ind2=" ">
    <subfield code="a">"Human Resource Management in the Hospitality Industry: A Guide to Best Practice takes a 'process' approach and provides the reader with an essential understanding of the purpose, policies and processes concerned with managing an enterprise's workforce within the current business and social environment. Since the ninth edition of this book there have been many significant developments in this field and this new edition has been completely revised and updated in the following ways: - Extensively updated content to reflect recent issues and trends relevant to the hospitality industry including: changing labour market profiles and the 'gig' economy, the digital transformation of HRM practices, employer branding developments, talent management strategies, employee well-being considerations, and contemporary concerns over diversity, gender and harassment at work. - Five new chapters on: organisational culture, modern labour markets, emotions and well-being, careers in hospitality and digital HRM. - New international case studies throughout to explore key issues and show real life applications of HRM in the Hospitality industry. Written in a user-friendly style and with strong support from the Institute of Hospitality, each chapter includes international examples, bulleted lists, guides to further reading and exercises to test knowledge"--</subfield>
    <subfield code="c">Provided by publisher.</subfield>
  </datafield>
  <datafield tag="588" ind1=" " ind2=" ">
    <subfield code="a">Description based on print version record and CIP data provided by publisher.</subfield>
  </datafield>
  <datafield tag="650" ind1=" " ind2="0">
    <subfield code="a">Hospitality industry</subfield>
    <subfield code="x">Personnel management.</subfield>
  </datafield>
  <datafield tag="700" ind1="1" ind2=" ">
    <subfield code="a">Goss-Turner, Steven,</subfield>
    <subfield code="e">author.</subfield>
  </datafield>
  <datafield tag="776" ind1="0" ind2="8">
    <subfield code="i">Print version:</subfield>
    <subfield code="a">Boella, M. J. (Michael John) author.</subfield>
    <subfield code="t">Human resource management for the hospitality industry</subfield>
    <subfield code="b">Tenth edition.</subfield>
    <subfield code="d">Abingdon, Oxon : Routledge, 2019</subfield>
    <subfield code="z">9781138338876</subfield>
    <subfield code="w">(DLC)  2019012764</subfield>
  </datafield>
  <datafield tag="942" ind1=" " ind2=" ">
    <subfield code="2">ddc</subfield>
    <subfield code="c">BK</subfield>
    <subfield code="h">647.940683</subfield>
    <subfield code="i">BOE/H</subfield>
    <subfield code="k">647.940683</subfield>
    <subfield code="m">BOE/H</subfield>
  </datafield>
</record>
